Neidio i'r cynnwys

ОСОБЕННОСТИ ВЕГЕТАТИВНОЙ РЕГУЛЯЦИИ У МОЛОДЫХ ЛЮДЕЙ ПРИ ИСКРИВЛЕНИИ ПОЗВОНОЧНОГО СТОЛБА В ОДНОЙ ИЛИ НЕСКОЛЬКИХ ПЛОСКОСТЯХ Статья

Wedi'i Gadw mewn:
Manylion Llyfryddiaeth
Prif Awdur: Попков И. В.
Fformat: Статья
Rhifyn:1
Mynediad Ar-lein:https://znanium.com/catalog/document?id=93861
https://znanium.com/cover/0534/534658.jpg
Tagiau: Ychwanegu Tag
Dim Tagiau, Byddwch y cyntaf i dagio'r cofnod hwn!
LEADER 01361nam0a2200241 i 4500
001 RU\infra-m\znanium\bibl\534658
003 https://znanium.com/catalog/document?id=93861
005 20211203000000.0
100 |a 20211203d2015 m y0rusy0150 ca 
101 0 |a rus 
102 |a RU 
200 1 |a ОСОБЕННОСТИ ВЕГЕТАТИВНОЙ РЕГУЛЯЦИИ У МОЛОДЫХ ЛЮДЕЙ ПРИ ИСКРИВЛЕНИИ ПОЗВОНОЧНОГО СТОЛБА В ОДНОЙ ИЛИ НЕСКОЛЬКИХ ПЛОСКОСТЯХ  |e Статья 
205 |a 1 
210 1 |a Москва  |c ФГБHУ "НИИНФ им. П.К. Анохина"  |d 2015 
215 |a 5 с. 
333 |a Аспирантура 
608 |a Статья  |2 local 
700 1 |a Попков  |b И. В. 
701 1 |a Дорохов  |b Е.В.  |g Евгений Владимирович  |p Воронежский государственный медицинский университет им. Н.Н. Бурденко 
701 1 |a Попкова  |b А. В. 
801 0 |a RU  |b Общество с ограниченной ответственностью «ЗНАНИУМ»  |c 20151002  |2 rusmarc 
856 4 |a znanium.com  |m ebs_support@infra-m.ru  |n НИЦ ИНФРА-М  |u https://znanium.com/catalog/document?id=93861 
856 4 1 |a znanium.com  |d /cover/0534  |f 534658.jpg  |q image/jpeg  |u https://znanium.com/cover/0534/534658.jpg